Applying Landscape Ecology in Biological Conservation (Record no. 13180)
[ view plain ]
| 000 -LEADER | |
|---|---|
| fixed length control field | 00245 a2200085 4500 |
| 020 ## - INTERNATIONAL STANDARD BOOK NUMBER | |
| International Standard Book Number | 978-0387986531 |
| 100 ## - MAIN ENTRY--PERSONAL NAME | |
| Personal name | Gutzwiller, Kevin |
| 245 ## - TITLE STATEMENT | |
| Title | Applying Landscape Ecology in Biological Conservation |
| 260 ## - PUBLICATION, DISTRIBUTION, ETC. | |
| Name of publisher, distributor, etc. | Springer-Verlag New York Inc. |
| Date of publication, distribution, etc. | 2002 |
| Withdrawn status | Lost status | Source of classification or shelving scheme | Damaged status | Not for loan | Permanent Location | Current Location | Date acquired | Total Checkouts | Full call number | Barcode | Date due | Date last seen | Date last checked out | Price effective from | Koha item type |
|---|---|---|---|---|---|---|---|---|---|---|---|---|---|---|---|
| BMS College of Architecture, Design and Planning | BMS College of Architecture, Design and Planning | 2025-02-21 | 2 | 958.102 | AR-UG4835 | 2026-04-21 | 2026-04-06 | 2026-04-06 | 2025-02-21 | UG Books |